000 00495nam a2200181Ia 4500
005 20250326123836.0
008 250326s9999 xx 000 0 und d
037 _aTextbook
040 _aFMSL
_beng
_cFMSL
041 _aeng
_2eng
084 _aS4(X8) K2;1
_qFMSL
100 _aViteles M S
_9736134
245 0 _aIndustrial psychology
_cViteles M S
260 _aLondon
_bLondon, Jonathan cape
_c1962
300 _a652p
942 _cTB
_hS4(X8) K2;1
999 _c1271154
_d1271154